00302nam a2200121Ia 4500100002300000650001800023654002500041245002500066260005900091082001000150300000800160546001200168 aNagarkar/Malavika  aCommunication aCommunication skills aCommunication Skills bMaharashtra State Board Of Technical EducationaMumbai a372.6 a125 aENGLISH